| 000 | 01368nam0a2200277 4500 | ||
|---|---|---|---|
| 001 | RU\NLR\BIBL_A\022741629 | ||
| 005 | 20260308045036.0 | ||
| 035 | _a(NLR Aleph) 022741629 | ||
| 090 |
_a13557665 _c13557665 |
||
| 100 | _a20260302d1961 m y0rusy50 ca | ||
| 101 | 0 |
_atyv _crus |
|
| 102 | _aRU | ||
| 105 | _ay z 000 y | ||
| 181 | 0 |
_ai _baxxe |
|
| 182 | 0 | _an | |
| 200 | 1 |
_aСовет Эвилелиниң Коммунистиг партиязының Уставынга өскерилгелер дугайында _e1961 чылдың октябрь 28-те Совет Эвилелиниң Коммунистиг партиязының XXII съездизинге илеткел _fФ. Р. Козлов |
|
| 203 |
_aТекст _bвизуальный _cнепосредственный |
||
| 210 |
_aКызыл _cТываның ном үндүрер чери _d1961 |
||
| 215 |
_a44, [1] с. _d20 |
||
| 541 | 1 |
_aОб изменениях в Уставе Коммунистической партии Советского Союза _zrus _eДоклад на XXII съезде КПСС 28 октября 1961 г. |
|
| 686 | 1 | _aФ61(2)11 | |
| 700 | 1 |
_4070 _7ca _8rus _aКозлов _bФ. Р. _cгос. деятель _f1908-1965 _gФрол Романович _9139676 _3RU\NLR\AUTH\770139711 |
|
| 852 |
_aNLR _bОНЛ _jТув./2-546 |
||
| 942 | _cUNSPEC | ||
| 980 | _aNB | ||